Online Catalogue and eLibrary

Cities of hunger : (Record no. 2954)

MARC details
000 -LEADER
fixed length control field 00512nam a2200205Ia 4500
005 - DATE AND TIME OF LATEST TRANSACTION
control field 20240606030027.0
008 - FIXED-LENGTH DATA ELEMENTS--GENERAL INFORMATION
fixed length control field 240331s9999 xx 000 0 und d
020 ## - INTERNATIONAL STANDARD BOOK NUMBER
ISBN 0855981555
082 ## - DDC Classification
Item Number - Author Mark PRY
Class No. 363
100 ## - MAIN ENTRY--PERSONAL NAME
Personal name Pryer, J
100 ## - MAIN ENTRY--PERSONAL NAME
Personal name Crook,N.
245 #0 - TITLE STATEMENT
Title Cities of hunger :
Remainder of title urban malnutrition in developing countries
250 ## - EDITION STATEMENT
Edition statement 2nd
260 ## - PUBLICATION, DISTRIBUTION, ETC.
Place of publication, distribution, etc. Oxford
Name of publisher, distributor, etc. Oxfam
Date of publication, distribution, etc. 1988
300 ## - PHYSICAL DESCRIPTION
Extent (e.g. Volumes, Pages etc.) v,112 p.,
650 ## - SUBJECT ADDED ENTRY--TOPICAL TERM
Topical term or geographic name entry element Hunger
650 ## - SUBJECT ADDED ENTRY--TOPICAL TERM
Topical term or geographic name entry element Urban Malnutrition
650 ## - SUBJECT ADDED ENTRY--TOPICAL TERM
Topical term or geographic name entry element Developing Countries
942 ## - Koha item type (Biblio)
Koha item type Books in Stacks (Lending)
Holdings
Lost status Damaged status Collection code Home library Current library Shelving location Date acquired Full call number Accession Number Item type
    Lending WERC Library WERC Library Social Science Cupboard 03/31/2024 363.8 PRY 4008 Books in Stacks (Lending)

© WERC Library